The beautyful ones are not yet born; a novel (Record no. 35506)

MARC details
000 -LEADER
fixed length control field 00465nam a2200181Ia 4500
020 ## - INTERNATIONAL STANDARD BOOK NUMBER
ISBN 9780435905408
050 ## - CALL MARK
Classification number PR 9379.9 .A7/
100 ## - STATEMENT OF RESPONSIBILITY--MAIN AUTHOR NAME
Personal name Armah, Ayi Kwei
245 #4 - TITLE STATEMENT
Title The beautyful ones are not yet born; a novel
260 ## - PUBLICATION, DISTRIBUTION, ETC. (IMPRINT)
Place of publication Boston
260 ## - PUBLICATION, DISTRIBUTION, ETC. (IMPRINT)
Name of publisher Houghton Mifflin
260 ## - PUBLICATION, DISTRIBUTION, ETC. (IMPRINT)
Year of publication 1968
300 ## - PHYSICAL DESCRIPTION
Number of Pages 183 p
650 ## - SUBJECT ADDED ENTRY--TOPICAL TERM
Topical Term Men--Fiction. Ghana--Fiction.
942 ## - ADDED ENTRY ELEMENTS (KOHA)
Koha item type Books
Holdings
Withdrawn status Lost status Source of classification or shelving scheme Damaged status Not for loan Permanent Location Current Location Date acquired Accession Number Price effective from Koha item type
    Library of Congress Classification     NILE UNIVERSITY OF NIGERIA - MAIN LIBRARY NILE UNIVERSITY OF NIGERIA - MAIN LIBRARY 04/23/2025 0001841 04/23/2025 Books